Vianoce 2022? Nakúpiť a ušetriť

Zmeny v nákupných a spotrebných návykoch oproti socializmu. Súčasný spotrebiteľ má oveľa väčšie možnosti, kde a ako nakupovať. To sa odráža napr. v tržbách za elektroniku a technický tovar.

Saved in:
Bibliographic Details
Format: Book Chapter
Language:Slovak
Subjects:
Tags: Add Tag
No Tags, Be the first to tag this record!

MARC

LEADER 00000naa a2200000 4500
001 0305219
005 20241120134405.7
041 0 |a slo 
044 |a SK 
245 1 0 |a Vianoce 2022? Nakúpiť a ušetriť 
520 |a Zmeny v nákupných a spotrebných návykoch oproti socializmu. Súčasný spotrebiteľ má oveľa väčšie možnosti, kde a ako nakupovať. To sa odráža napr. v tržbách za elektroniku a technický tovar. 
610 2 0 |a sviatok štátny 
610 2 0 |a správanie spotrebiteľa 
610 2 0 |a dopyt spotrebiteľský 
610 2 0 |a výdavky domácností 
610 2 0 |a rozhodovanie nákupné